[Event "Montigny le Bretonneux op 17th"]
[Site "Montigny le Bretonneux"]
[Date "2013.05.19"]
[Round "6"]
[White "Bouvier, Clement"]
[Black "Etrog, Jonathan"]
[Result "0-1"]
[WhiteElo "1895"]
[BlackElo "2210"]
[PlyCount "85"]
[EventDate "2013.05.18"]
[EventType "swiss"]
[EventRounds "9"]
[EventCountry "FRA"]
[SourceTitle "EXT 2014"]
[Source "ChessBase"]
[SourceDate "2013.11.20"]
[SourceVersion "1"]
[SourceVersionDate "2013.11.20"]
[SourceQuality "1"]

1. e4 e6 2. Nf3 d5 3. e5 c5 4. b4 d4 5. bxc5 Bxc5 6. Bd3 Nc6 7. 0-0 f6 8. Qe2 fxe5 9. Nxe5 Nf6 10. Nxc6 bxc6 11. Bc4 Qd6 12. d3 0-0 13. Nd2 Bd7 14. Ne4 Nxe4 15. Qxe4 Kh8 16. Re1 Rae8 17. Bd2 e5 18. Bg5 Bf5 19. Qe2 Qg6 20. Qd2 Qh5 21. f3 h6 22. g4 Bxg4 23. fxg4 Qxg4+ 24. Qg2 Qxg5 25. Qxg5 hxg5 26. Re4 Rf4 27. Rae1 Bd6 28. R1e2 Ref8 29. Kg2 Kh7 30. Kg1 Kg6 31. Kg2 Rf1 32. Bb3 R8f6 33. Bg8 Rc1 34. h4 Rff1 35. hxg5 Kxg5 36. Bb3 Rg1+ 37. Kh2 Rh1+ 38. Kg3 Rcf1 39. Kg2 Kf5 40. Ba4 c5 41. Bd7+ Kf6 42. Bc6 Ke6 43. Bb5 0-1

[Event "Montigny le Bretonneux op 17th"]
[Site "Montigny le Bretonneux"]
[Date "2013.05.18"]
[Round "5"]
[White "Bouvier, Clement"]
[Black "Francois, Jean Claude"]
[Result "1-0"]
[WhiteElo "1895"]
[BlackElo "1823"]
[PlyCount "105"]
[EventDate "2013.05.18"]
[EventType "swiss"]
[EventRounds "9"]
[EventCountry "FRA"]
[SourceTitle "EXT 2014"]
[Source "ChessBase"]
[SourceDate "2013.11.20"]
[SourceVersion "1"]
[SourceVersionDate "2013.11.20"]
[SourceQuality "1"]

1. e4 e5 2. Nc3 Nc6 3. f4 d6 4. Bc4 exf4 5. Nf3 Bg4 6. d4 Bxf3 7. gxf3 Qh4+ 8. Ke2 g5 9. Nd5 0-0-0 10. c3 Bg7 11. Kd3 Na5 12. Bb3 Nxb3 13. axb3 Kb8 14. Bd2 c6 15. Nb4 Ne7 16. Be1 Qh3 17. Kc2 f5 18. Bf2 fxe4 19. fxe4 c5 20. Nd3 cxd4 21. cxd4 Rc8+ 22. Kb1 Rc7 23. d5 b6 24. Nb4 Kb7 25. Ra3 Rhc8 26. Qe2 Qg2 27. Rg1 Qxh2 28. Rxa7+ Kxa7 29. Bxb6+ Kxb6 30. Qxh2 h6 31. Qf2+ Kb5 32. Nd3 Rc2 33. Qxc2 Rxc2 34. Kxc2 Ng6 35. Kd1 Bd4 36. Rh1 Ne5 37. Nxe5 Bxe5 38. Rxh6 g4 39. Ke2 Kb4 40. Rg6 g3 41. Kf3 Kc5 42. Re6 Bxb2 43. Kxf4 g2 44. Rg6 Be5+ 45. Kf5 Kb4 46. Rxg2 Kxb3 47. Rg6 Kc4 48. Re6 Bh2 49. Kf6 Kc5 50. Ke7 Bg3 51. Kd7 Be5 52. Rxe5 dxe5 53. Ke6 1-0

[Event "Montigny le Bretonneux-B 11th"]
[Site "Montigny le Bretonneux"]
[Date "2012.11.01"]
[Round "6"]
[White "Jean, Robert"]
[Black "Bouvier, Clement"]
[Result "1/2-1/2"]
[WhiteElo "1725"]
[BlackElo "1905"]
[PlyCount "30"]
[EventDate "2012.10.27"]
[EventType "tourn"]
[EventRounds "9"]
[EventCountry "FRA"]
[SourceTitle "EXT 2014"]
[Source "ChessBase"]
[SourceDate "2013.11.20"]
[SourceVersion "1"]
[SourceVersionDate "2013.11.20"]
[SourceQuality "1"]

1. c4 g6 2. g3 d5 3. cxd5 Qxd5 4. Nf3 Bg7 5. Nc3 Qd6 6. Bg2 e5 7. d3 Ne7 8. Qc2 0-0 9. 0-0 c6 10. Ne4 Qc7 11. Bd2 h6 12. Rac1 f5 13. Nc3 Be6 14. Ne1 Qd7 15. Na4 Na6 1/2-1/2

[Event "Montigny le Bretonneux Noel op 14th"]
[Site "Montigny le Bretonneux"]
[Date "2011.12.29"]
[Round "5.2"]
[White "Bouvier, Clement"]
[Black "Flom, Gabriel"]
[Result "0-1"]
[WhiteElo "1856"]
[BlackElo "2423"]
[PlyCount "50"]
[EventDate "2011.12.26"]
[EventType "swiss"]
[EventRounds "7"]
[EventCountry "FRA"]
[SourceTitle "EXT 2014"]
[Source "ChessBase"]
[SourceDate "2013.11.20"]
[SourceVersion "1"]
[SourceVersionDate "2013.11.20"]
[SourceQuality "1"]

1. e4 c6 2. d4 d5 3. Nc3 dxe4 4. Nxe4 Bf5 5. Ng3 Bg6 6. h4 h6 7. h5 Bh7 8. Nf3 Nd7 9. Bd3 Bxd3 10. Qxd3 e6 11. Bf4 Qa5+ 12. c3 Ngf6 13. Nd2 Nd5 14. Be3 Nxe3 15. fxe3 Bd6 16. e4 Bf4 17. Ne2 Bxd2+ 18. Qxd2 0-0-0 19. b4 Qb5 20. a4 Qc4 21. Qa2 Qd3 22. 0-0 Qe3+ 23. Rf2 Nf6 24. Kf1 Nxe4 25. Rxf7 Rd7 0-1

[Event "Montigny le Bretonneux Noel op 14th"]
[Site "Montigny le Bretonneux"]
[Date "2011.12.28"]
[Round "4.2"]
[White "Bouvier, Clement"]
[Black "Kambrath, Yannick"]
[Result "1/2-1/2"]
[WhiteElo "1856"]
[BlackElo "2184"]
[PlyCount "77"]
[EventDate "2011.12.26"]
[EventType "swiss"]
[EventRounds "7"]
[EventCountry "FRA"]
[SourceTitle "EXT 2014"]
[Source "ChessBase"]
[SourceDate "2013.11.20"]
[SourceVersion "1"]
[SourceVersionDate "2013.11.20"]
[SourceQuality "1"]

1. e4 e5 2. f4 Bc5 3. Nf3 d6 4. Bc4 Nc6 5. Nc3 Nf6 6. d3 Bg4 7. Na4 Bb6 8. Nxb6 axb6 9. c3 0-0 10. h3 Be6 11. Bxe6 fxe6 12. fxe5 Nxe5 13. Nxe5 dxe5 14. Bg5 Qe8 15. 0-0 Qg6 16. Bxf6 gxf6 17. Qe2 Kh8 18. a3 Rae8 19. Rae1 Re7 20. Rf3 Rg7 21. Kh1 Rfg8 22. Rg1 Qh6 23. Qf2 Rg6 24. Kh2 Qg7 25. Qe2 Rf8 26. Rgf1 Rg5 27. Qf2 f5 28. Qe2 Rg8 29. R1f2 f4 30. d4 exd4 31. cxd4 Qxd4 32. Rxf4 Rg3 33. Rf7 Qe5 34. Kh1 Qg5 35. R7f3 Qc1+ 36. Kh2 R3g6 37. Rf7 Qg5 38. Qf3 Qe5+ 39. Qf4 1/2-1/2

[Event "Montigny le Bretonneux Noel op 14th"]
[Site "Montigny le Bretonneux"]
[Date "2011.12.26"]
[Round "1.9"]
[White "Ribiere, Damien"]
[Black "Bouvier, Clement"]
[Result "0-1"]
[WhiteElo "1600"]
[BlackElo "1856"]
[PlyCount "88"]
[EventDate "2011.12.26"]
[EventType "swiss"]
[EventRounds "7"]
[EventCountry "FRA"]
[SourceTitle "EXT 2014"]
[Source "ChessBase"]
[SourceDate "2013.11.20"]
[SourceVersion "1"]
[SourceVersionDate "2013.11.20"]
[SourceQuality "1"]

1. d4 Nf6 2. c4 e5 3. Bg5 Bb4+ 4. Nc3 h6 5. dxe5 hxg5 6. exf6 Qxf6 7. Rc1 c5 8. Qd5 Nc6 9. a3 Ba5 10. Nf3 Nd4 11. Qxc5 Nb3 12. Qe3+ Kd8 13. Rd1 g4 14. Nd2 Re8 15. Qg3 Bxc3 16. Qxc3 Qxc3 17. bxc3 Nc5 18. e3 d6 19. Rb1 Kc7 20. Nb3 Bf5 21. Rb2 Nd3+ 22. Bxd3 Bxd3 23. c5 d5 24. Kd2 Be4 25. Rg1 Rh8 26. h3 gxh3 27. gxh3 g6 28. Rg3 Bf5 29. Nd4 Bxh3 30. Rf3 f5 31. Ne6+ Kc6 32. Nd4+ Kc7 33. Ne6+ Kd7 34. Nd4 Rab8 35. c6+ Kc7 36. cxb7 Bg4 37. Rg3 Rh2 38. Kd3 Rxb7 39. Ra2 Rh1 40. Ne6+ Kc8 41. Nc5 Rd1+ 42. Kc2 Rbb1 43. Nb3 Be2 44. Nc5 Bc4 0-1

[Event "Montigny le Bretonneux-A 9th"]
[Site "Montigny le Bretonneux"]
[Date "2010.10.31"]
[Round "9"]
[White "Bouvier, Clement"]
[Black "Kambrath, Yannick"]
[Result "1/2-1/2"]
[WhiteElo "1883"]
[BlackElo "2036"]
[PlyCount "75"]
[EventDate "2010.10.23"]
[EventType "tourn"]
[EventRounds "9"]
[EventCountry "FRA"]
[SourceTitle "EXT 2011"]
[Source "ChessBase"]
[SourceDate "2010.11.26"]
[SourceVersion "1"]
[SourceVersionDate "2010.11.26"]
[SourceQuality "1"]

1. b4 d5 2. Bb2 Nf6 3. e3 e6 4. b5 c5 5. c4 Bd6 6. Nf3 a6 7. a4 axb5 8. axb5 Rxa1 9. Bxa1 Nbd7 10. Be2 Qc7 11. d4 cxd4 12. Nxd4 Bb4+ 13. Bc3 Bxc3+ 14. Nxc3 dxc4 15. 0-0 0-0 16. Qc2 Nb6 17. Rc1 e5 18. Nf3 Be6 19. Ng5 Rc8 20. Nxe6 fxe6 21. Ne4 Nxe4 22. Qxe4 c3 23. Bd3 g6 24. h4 Nd5 25. Qg4 Re8 26. h5 Nf6 27. Qg5 Nxh5 28. Qg4 Rc8 29. Qxe6+ Kg7 30. b6 Qc6 31. Qxe5+ Nf6 32. Qe7+ Kh8 33. Qe5 Qxb6 34. Rxc3 Rxc3 35. Qxc3 Kg8 36. Bc4+ Kg7 37. Qe5 Kf8 38. Qb8+ 1/2-1/2

[Event "Montigny le Bretonneux-A 9th"]
[Site "Montigny le Bretonneux"]
[Date "2010.10.29"]
[Round "7"]
[White "Bouvier, Clement"]
[Black "Forissier, Nicolas"]
[Result "1-0"]
[WhiteElo "1883"]
[BlackElo "1987"]
[PlyCount "61"]
[EventDate "2010.10.23"]
[EventType "tourn"]
[EventRounds "9"]
[EventCountry "FRA"]
[SourceTitle "EXT 2011"]
[Source "ChessBase"]
[SourceDate "2010.11.26"]
[SourceVersion "1"]
[SourceVersionDate "2010.11.26"]
[SourceQuality "1"]

1. e4 e5 2. f4 exf4 3. Nf3 Be7 4. h4 d5 5. e5 Bg4 6. d4 Bxh4+ 7. Kd2 Nc6 8. c3 Bg3 9. Qb3 Na5 10. Qa4+ c6 11. Na3 a6 12. Qc2 b5 13. Rxh7 Rxh7 14. Qxh7 Kf8 15. b3 Bxf3 16. Nxb5 Nc4+ 17. bxc4 axb5 18. gxf3 dxc4 19. a4 b4 20. Bxc4 c5 21. Bb2 cxd4 22. cxd4 Qb6 23. Ke2 Rd8 24. Rb1 Qa5 25. Bb5 Qb6 26. Ba1 f6 27. Bc4 Nh6 28. Qh8+ Ke7 29. Qxg7+ Ke8 30. Bb5+ Rd7 31. Qxd7+ 1-0

[Event "Elancourt op"]
[Site "Elancourt"]
[Date "2010.04.27"]
[Round "3"]
[White "Bouvier, Clement"]
[Black "Bedouin, Xavier"]
[Result "0-1"]
[WhiteElo "1785"]
[BlackElo "2375"]
[PlyCount "40"]
[EventDate "2010.04.25"]
[EventType "swiss"]
[EventRounds "9"]
[EventCountry "FRA"]
[SourceTitle "CBM 136 Extra"]
[Source "ChessBase"]
[SourceDate "2010.07.02"]
[SourceVersion "2"]
[SourceVersionDate "2010.07.15"]
[SourceQuality "1"]

1. b4 e5 2. Bb2 Bxb4 3. f4 d6 4. Nf3 Nc6 5. fxe5 dxe5 6. Nxe5 Nxe5 7. Bxe5 Nf6 8. e3 0-0 9. Be2 Re8 10. Bc3 Bd6 11. 0-0 Ne4 12. Qe1 Re6 13. Bc4 Rh6 14. Rxf7 Bxh2+ 15. Kf1 Be6 16. Rxg7+ Kf8 17. Bxe6 Bg3 18. Rg8+ Ke7 19. Bb4+ Kxe6 20. Rxd8 Rh1+ 0-1

[Event "Elancourt op"]
[Site "Elancourt"]
[Date "2010.04.27"]
[Round "4"]
[White "Jean, Robert"]
[Black "Bouvier, Clement"]
[Result "0-1"]
[WhiteElo "1815"]
[BlackElo "1785"]
[PlyCount "58"]
[EventDate "2010.04.25"]
[EventType "swiss"]
[EventRounds "9"]
[EventCountry "FRA"]
[SourceTitle "CBM 136 Extra"]
[Source "ChessBase"]
[SourceDate "2010.07.02"]
[SourceVersion "2"]
[SourceVersionDate "2010.07.15"]
[SourceQuality "1"]

1. c4 Nf6 2. Nc3 e6 3. e4 c5 4. Nf3 Nc6 5. d4 cxd4 6. Nxd4 Bb4 7. f3 0-0 8. Be3 d5 9. Nxc6 bxc6 10. cxd5 cxd5 11. e5 Nd7 12. Bd4 Qh4+ 13. g3 Qe7 14. Be2 f6 15. exf6 Nxf6 16. 0-0 e5 17. Bf2 d4 18. Ne4 Nxe4 19. fxe4 Bh3 20. Qb3+ Kh8 21. Be1 Bxe1 22. Rfxe1 Qf6 23. Bf1 Qf2+ 24. Kh1 Rab8 25. Qd1 Rxb2 26. Re2 Rxe2 27. Qxe2 Qxf1+ 28. Rxf1 Rxf1+ 29. Qxf1 Bxf1 0-1

[Event "Montigny le Bretonneux Noel op 12th"]
[Site "Montigny le Bretonneux"]
[Date "2009.12.27"]
[Round "3"]
[White "Bouvier, Clement"]
[Black "San Marco, Jean"]
[Result "1-0"]
[WhiteElo "1770"]
[BlackElo "2010"]
[PlyCount "71"]
[EventDate "2009.12.26"]
[EventType "swiss"]
[EventRounds "7"]
[EventCountry "FRA"]
[SourceTitle "EXT 2011"]
[Source "ChessBase"]
[SourceDate "2010.11.26"]
[SourceVersion "1"]
[SourceVersionDate "2010.11.26"]
[SourceQuality "1"]

1. b4 e5 2. Bb2 Bxb4 3. f4 d6 4. Nf3 Nf6 5. fxe5 dxe5 6. Nxe5 0-0 7. e3 Be6 8. Be2 Nbd7 9. 0-0 Bd6 10. Nxd7 Nxd7 11. Qe1 Qe7 12. Nc3 c6 13. Ne4 Bc7 14. Ng3 Qd6 15. a4 Rfe8 16. Bd3 Ne5 17. Ne4 Nf3+ 18. Rxf3 Qxh2+ 19. Kf1 Bg4 20. Qf2 Bxf3 21. Qxf3 Be5 22. Bxe5 Rxe5 23. Ke2 Qh5 24. Qxh5 Rxh5 25. Rf1 Rd8 26. Bc4 Rd7 27. Nd6 Rh4 28. Bxf7+ Rxf7 29. Rxf7 Rxa4 30. Rxb7 h6 31. Rc7 Ra6 32. Nc8 Ra2 33. Rxa7 Rxc2 34. Ne7+ Kh7 35. Nf5 Rc5 36. Nxg7 1-0

[Event "Montigny le Bretonneux-B 8th"]
[Site "Montigny le Bretonneux"]
[Date "2009.10.30"]
[Round "7"]
[White "Duval, Dominique"]
[Black "Bouvier, Clement"]
[Result "1-0"]
[WhiteElo "1825"]
[BlackElo "1770"]
[PlyCount "119"]
[EventDate "2009.10.24"]
[EventType "tourn"]
[EventRounds "9"]
[EventCountry "FRA"]
[SourceTitle "EXT 2011"]
[Source "ChessBase"]
[SourceDate "2010.11.26"]
[SourceVersion "1"]
[SourceVersionDate "2010.11.26"]
[SourceQuality "1"]

1. d4 d5 2. Nf3 Nc6 3. e3 Nf6 4. Nbd2 Bf5 5. a3 e6 6. c4 dxc4 7. Bxc4 Be7 8. Bb5 0-0 9. Bxc6 bxc6 10. Ne5 c5 11. Nc6 Qd7 12. Nxe7+ Qxe7 13. Nb3 cxd4 14. Nxd4 Be4 15. 0-0 c5 16. Ne2 Qb7 17. f3 Rfd8 18. Qe1 Bd3 19. Qf2 Qa6 20. Re1 Bxe2 21. Rxe2 Rd1+ 22. Re1 Rad8 23. e4 Rxe1+ 24. Qxe1 Qd3 25. Be3 Qb3 26. Bxc5 Qxb2 27. Rb1 Qa2 28. h3 h6 29. Rd1 Rd7 30. Rxd7 Nxd7 31. Bd6 Qc4 32. Bb4 a6 33. Qd2 Ne5 34. Qc3 Qxc3 35. Bxc3 Nc4 36. a4 Kf8 37. Kf2 g6 38. Ke2 Ke7 39. Kd3 Nb6 40. a5 Na8 41. Bd2 h5 42. Bf4 Kd7 43. Kd4 f6 44. Kc5 e5 45. Bh6 Nc7 46. Kb6 f5 47. Bg7 fxe4 48. fxe4 Ne6 49. Bxe5 Kc8 50. g3 g5 51. Bf6 g4 52. h4 Kd7 53. e5 Nd4 54. e6+ Nxe6 55. Kxa6 Nc7+ 56. Kb7 Nb5 57. a6 Ke6 58. Bb2 Nd6+ 59. Kb8 Nc4 60. a7 1-0

[Event "Montigny le Bretonneux-B 8th"]
[Site "Montigny le Bretonneux"]
[Date "2009.10.29"]
[Round "6"]
[White "Bouvier, Clement"]
[Black "Fayolle, Guy"]
[Result "1/2-1/2"]
[WhiteElo "1770"]
[BlackElo "1850"]
[PlyCount "111"]
[EventDate "2009.10.24"]
[EventType "tourn"]
[EventRounds "9"]
[EventCountry "FRA"]
[SourceTitle "EXT 2011"]
[Source "ChessBase"]
[SourceDate "2010.11.26"]
[SourceVersion "1"]
[SourceVersionDate "2010.11.26"]
[SourceQuality "1"]

1. b4 Nf6 2. Bb2 e6 3. b5 a6 4. a4 axb5 5. axb5 Rxa1 6. Bxa1 d5 7. e3 Bd6 8. Nf3 0-0 9. Be2 c6 10. c4 Bd7 11. cxd5 exd5 12. 0-0 cxb5 13. Bxf6 Qxf6 14. Nc3 Bc6 15. Nxb5 Nd7 16. Nxd6 Qxd6 17. Nd4 Rc8 18. Bb5 Qc5 19. Bxc6 bxc6 20. Qg4 Rd8 21. Nf5 Qf8 22. Qg5 f6 23. Qg3 c5 24. Ra1 g6 25. Ra7 Ra8 26. Rxa8 Qxa8 27. h4 Qa1+ 28. Kh2 Qe5 29. Nh6+ Kg7 30. f4 Qh5 31. Ng4 g5 32. Kh3 Qxh4+ 33. Qxh4 gxh4 34. Kxh4 Kg6 35. Nh2 Kf5 36. d3 c4 37. g4+ Ke6 38. f5+ Kd6 39. dxc4 dxc4 40. Nf3 c3 41. Nd4 Kd5 42. g5 fxg5+ 43. Kxg5 Ke4 44. Nc2 Kd3 45. Nb4+ Ke4 46. Nc2 Ne5 47. f6 Nf7+ 48. Kg4 Ke5 49. Nb4 Ke4 50. Nc2 Kd3 51. Nb4+ Kxe3 52. Kf5 Kd4 53. Ke6 Ng5+ 54. Kf5 Nf7 55. Ke6 Ng5+ 56. Kf5 1/2-1/2

[Event "Montigny le Bretonneux-B 8th"]
[Site "Montigny le Bretonneux"]
[Date "2009.10.24"]
[Round "1"]
[White "Bouvier, Clement"]
[Black "Clere, Philippe"]
[Result "1-0"]
[WhiteElo "1770"]
[BlackElo "1760"]
[PlyCount "81"]
[EventDate "2009.10.24"]
[EventType "tourn"]
[EventRounds "9"]
[EventCountry "FRA"]
[SourceTitle "EXT 2011"]
[Source "ChessBase"]
[SourceDate "2010.11.26"]
[SourceVersion "1"]
[SourceVersionDate "2010.11.26"]
[SourceQuality "1"]

1. b4 Nf6 2. Bb2 e6 3. b5 d5 4. e3 Nbd7 5. Nf3 Bd6 6. Be2 Qe7 7. a4 c5 8. c4 dxc4 9. Bxc4 Nb6 10. Be2 a5 11. Na3 e5 12. Nc4 Nxc4 13. Bxc4 0-0 14. 0-0 e4 15. Bxf6 Qxf6 16. Ne1 Qh4 17. g3 Qh3 18. Ng2 Bg4 19. Be2 Be6 20. Nf4 Bxf4 21. exf4 f5 22. Qc2 Rf6 23. f3 Rg6 24. Rf2 exf3 25. Bxf3 Rd8 26. Qxc5 Rc8 27. Qd4 Qh6 28. d3 Bf7 29. Qd7 Be6 30. Bd5 Rf8 31. Qxb7 Bxd5 32. Qxd5+ Kh8 33. Rc1 Rd6 34. Qf3 Qf6 35. Qe3 Re6 36. Qd2 Qd4 37. Rc4 Qa1+ 38. Rf1 Qa3 39. Qc3 Qxc3 40. Rxc3 Rg8 41. Rfc1 1-0

[Event "Montigny le Bretonneux Noel op 11th"]
[Site "Montigny le Bretonneux"]
[Date "2008.12.29"]
[Round "5"]
[White "Bouvier, Clement"]
[Black "Claisse, Patrick"]
[Result "0-1"]
[WhiteElo "1727"]
[BlackElo "1919"]
[PlyCount "68"]
[EventDate "2008.12.26"]
[EventType "swiss"]
[EventRounds "7"]
[EventCountry "FRA"]
[SourceTitle "EXT 2010"]
[Source "ChessBase"]
[SourceDate "2010.11.25"]
[SourceVersion "1"]
[SourceVersionDate "2010.11.25"]
[SourceQuality "1"]

1. b4 Nf6 2. Bb2 e6 3. b5 c5 4. e3 b6 5. Nf3 Bb7 6. c4 Be7 7. Be2 0-0 8. 0-0 d5 9. d4 Nbd7 10. Nbd2 Rc8 11. Rc1 Rc7 12. a4 Qa8 13. a5 bxa5 14. Bc3 cxd4 15. Bxa5 Rcc8 16. exd4 dxc4 17. Rxc4 Rxc4 18. Bxc4 Ne4 19. Qb3 Nxd2 20. Bxd2 Bf6 21. Bxe6 fxe6 22. Qxe6+ Rf7 23. Rc1 Bd5 24. Qd6 Nb6 25. Ne5 Bxe5 26. dxe5 Rd7 27. Qb4 Bxg2 28. Qg4 Rxd2 29. Rc7 Qf8 30. Qe6+ Kh8 31. Rf7 Qa8 32. Qg4 g6 33. h4 Bh3 34. Qg5 Rd1+ 0-1

[Event "Montigny le Bretonneux Noel op 11th"]
[Site "Montigny le Bretonneux"]
[Date "2008.12.27"]
[Round "2"]
[White "Bouvier, Clement"]
[Black "Cheymol, Eric"]
[Result "0-1"]
[WhiteElo "1727"]
[BlackElo "2167"]
[PlyCount "48"]
[EventDate "2008.12.26"]
[EventType "swiss"]
[EventRounds "7"]
[EventCountry "FRA"]
[SourceTitle "EXT 2010"]
[Source "ChessBase"]
[SourceDate "2010.11.25"]
[SourceVersion "1"]
[SourceVersionDate "2010.11.25"]
[SourceQuality "1"]

1. b4 e6 2. Bb2 Nf6 3. b5 d5 4. e3 Be7 5. Nf3 c5 6. c4 0-0 7. Be2 Nbd7 8. 0-0 b6 9. a4 Bb7 10. d4 Rc8 11. Nbd2 dxc4 12. Bxc4 Bd5 13. Bxd5 Nxd5 14. Qb3 Bf6 15. Ne5 Bxe5 16. dxe5 Kh8 17. Nc4 Rc7 18. Rad1 Qh4 19. g3 Qh3 20. e4 Nf4 21. Ne3 Ne2+ 22. Kh1 Nd4 23. Bxd4 cxd4 24. Qb4 dxe3 0-1

[Event "Montigny le Bretonneux-B 7th"]
[Site "Montigny le Bretonneux"]
[Date "2008.11.01"]
[Round "8"]
[White "Bouvier, Clement"]
[Black "Couronne, Patrice"]
[Result "0-1"]
[WhiteElo "1727"]
[BlackElo "1731"]
[PlyCount "112"]
[EventDate "2008.10.25"]
[EventType "tourn"]
[EventRounds "9"]
[EventCountry "FRA"]
[SourceTitle "EXT 2010"]
[Source "ChessBase"]
[SourceDate "2010.11.25"]
[SourceVersion "1"]
[SourceVersionDate "2010.11.25"]
[SourceQuality "1"]

1. c4 Nf6 2. b4 g6 3. Bb2 Bg7 4. e3 0-0 5. d4 d6 6. Nf3 Bf5 7. Bd3 Bxd3 8. Qxd3 Nbd7 9. 0-0 c5 10. dxc5 dxc5 11. b5 Qc7 12. Qc2 Rfd8 13. Nc3 Nb6 14. Na4 Nxa4 15. Qxa4 a5 16. Be5 Qb6 17. Qc2 Nd7 18. Bxg7 Kxg7 19. Rfd1 Qf6 20. Rac1 Ne5 21. Nxe5 Qxe5 22. Rd2 Rd6 23. Rcd1 Rad8 24. h3 b6 25. g3 f5 26. a3 Kf6 27. Rxd6+ Rxd6 28. Rxd6+ Qxd6 29. Qc3+ Qe5 30. Qd3 Qd6 31. Qc3+ e5 32. Kg2 Qd1 33. h4 a4 34. e4 Qd4 35. Qf3 Qxe4 36. Qxe4 fxe4 37. g4 h5 38. Kg3 hxg4 39. Kxg4 Kf7 40. Kh3 Ke6 41. Kg4 Kf6 42. h5 gxh5+ 43. Kxh5 Kf5 44. Kh6 Kf4 45. Kg6 e3 46. fxe3+ Kxe3 47. Kf5 Kd4 48. Ke6 e4 49. Kd6 e3 50. Kc6 e2 51. Kxb6 e1Q 52. Ka6 Kxc4 53. b6 Kb3 54. b7 Qe5 55. Ka7 c4 56. b8Q+ Qxb8+ 0-1